[Event "Muppets"]
[Site "SchemingMind.com"]
[Date "2022.09.14"]
[Round "-"]
[White "Robert Bruce"]
[Black "William Lindberg"]
[Result "1/2-1/2"]
[WhiteCountry "SCO"]
[BlackCountry "USA"]
[WhiteElo "2324"]
[WhiteRD "71"]
[BlackElo "2443"]
[BlackRD "69"]
[GameID "726736"]

1. d4 Nf6 2. Nf3 e6 3. e3 b6 4. Bd3 d5 5. Qe2 c5 6. b3 Bb7 7. Bb2 Bd6 8. O-O O-O 9. Nbd2 Ne4 10. c4 Nd7
11. Rfd1 Qe7 12. cxd5 exd5 13. Ba6 Bxa6 14. Qxa6 Qe6 15. Nxe4 dxe4 16. Nd2 cxd4 17. Bxd4 Nc5 18. Bxc5 Bxc5 19. Rac1 Rfe8 20. Qa4 a6
21. Nf1 f5 22. Qc4 g6 23. g4 fxg4 24. Ng3 Kh8 25. b4 Qxc4 26. Rxc4 Bf8 27. Rd7 b5 28. Rcc7 h5 29. a3 Re6 30. Kg2 Kg8
31. Ne2 Rae8 32. h4 gxh3+ 33. Kxh3 Rb6 34. Nf4 Rf6 35. Nd5 Rf3+ 36. Kg2 Re5 37. Rc6 Rg5+ 38. Kf1 Rf7 39. Nf6+ Kg7 40. Nxe4 Re5
41. Rd4 a5 42. bxa5 Bxa3 43. a6 Bb2 44. Nd6 Bxd4 45. exd4 Re6 46. d5 Rxd6 47. Rxd6 Ra7 48. Ke2 b4 49. Rb6 Ra8 50. Ke3 b3
51. Kd4 b2 52. Ke5 Rxa6 53. Rxb2 Kf7 54. Rb7+=
1/2-1/2

[Event "Muppets"]
[Site "SchemingMind.com"]
[Date "2022.09.14"]
[Round "-"]
[White "William Lindberg"]
[Black "Robert Bruce"]
[Result "1-0"]
[WhiteCountry "USA"]
[BlackCountry "SCO"]
[WhiteElo "2443"]
[WhiteRD "68"]
[BlackElo "2317"]
[BlackRD "68"]
[GameID "726737"]

1. e4 c5 2. c3 Nf6 3. e5 Nd5 4. d4 cxd4 5. Nf3 e6 6. cxd4 d6 7. Bc4 Nc6 8. O-O Be7 9. Bd2 Nb6 10. Bb3 dxe5
11. dxe5 Nd4 12. Ba4+ Nc6 13. a3 Nxa4 14. Qxa4 O-O 15. Re1 Qd3 16. Nc3 Qg6 17. Rad1 Bd7 18. Qb3 Rfd8 19. Nb5 b6 20. Nd6 Bxd6
21. exd6 f6 22. h3 Rac8 23. a4 Kh8 24. Qe3 e5 25. b4 Nd4 26. Nxd4 exd4 27. Qxd4 Bxh3 28. g3 Qg5 29. Bxg5
1-0

[Event "Muppets"]
[Site "SchemingMind.com"]
[Date "2022.09.15"]
[Round "-"]
[White "Steven DuCharme"]
[Black "Robert Bruce"]
[Result "0-1"]
[WhiteCountry "USA"]
[BlackCountry "SCO"]
[WhiteElo "1528"]
[WhiteRD "64"]
[BlackElo "2329"]
[BlackRD "73"]
[GameID "726786"]

1. d4 f5 2. Nf3 Nf6 3. g3 g6 4. Bg2 Bg7 5. O-O O-O 6. b3 b6 7. Bb2 Bb7 8. c4 e6 9. Nbd2 d6 10. Qc2 c5
11. Ng5 Bxg2 12. Kxg2 Qd7 13. d5 exd5 14. h3 d4 15. e3 dxe3 16. fxe3 Nc6 17. Rae1 d5 18. a3 Rae8 19. Bxf6 Bxf6 20. Ngf3 d4
21. exd4 Bxd4 22. Rxe8 Qxe8 23. Re1 Qd7 24. Qd3 Rd8 25. Qe2 Bc3 26. Qe6+ Kg7 27. Qxd7+ Rxd7 28. Re2 Rd3 29. Nb1 Rxf3 30. Kxf3 Nd4+
31. Ke3 Nxe2 32. Kxe2 Ba5 33. Kf3 g5 34. Ke2 Kf6
0-1

[Event "Muppets"]
[Site "SchemingMind.com"]
[Date "2022.09.16"]
[Round "-"]
[White "Robert Bruce"]
[Black "Steven DuCharme"]
[Result "1-0"]
[WhiteCountry "SCO"]
[BlackCountry "USA"]
[WhiteElo "2329"]
[WhiteRD "73"]
[BlackElo "1528"]
[BlackRD "64"]
[GameID "726787"]

1. e4 c5 2. Nf3 e6 3. Nc3 a6 4. g3 b6 5. Bg2 Bb7 6. d3 Nc6 7. O-O h6 8. Re1 Nd4 9. Nxd4 cxd4 10. Ne2 Rc8
11. Nxd4 g6 12. c3 Bg7 13. Qb3 Ne7 14. Nc2 O-O 15. Be3 d5 16. Bxb6 Qd7 17. a4 dxe4 18. dxe4 Qc6 19. a5 f5 20. Bd4 Kh7
21. Bxg7 Kxg7 22. Nd4 Rf6 23. Nxc6
1-0

[Event "Muppets"]
[Site "SchemingMind.com"]
[Date "2022.09.16"]
[Round "-"]
[White "Steven DuCharme"]
[Black "William Lindberg"]
[Result "0-1"]
[WhiteCountry "USA"]
[BlackCountry "USA"]
[WhiteElo "1524"]
[WhiteRD "67"]
[BlackElo "2443"]
[BlackRD "69"]
[GameID "726788"]

1. e4 c5 2. Nf3 e6 3. a3 Nc6 4. d4 d5 5. exd5 exd5 6. Bb5 cxd4 7. Bxc6+ bxc6 8. Nxd4 c5 9. Qe2+ Be7 10. Nc6 Qd6
11. Nxe7 Nxe7 12. O-O Ba6 13. Qf3 Bxf1 14. Kxf1 Qxh2 15. g3 Rd8 16. Nc3 Qh3+ 17. Kg1 O-O 18. Bg5 f6 19. Bf4 g5 20. Bd2 Nc6
21. Nxd5 Nd4 22. Qe4 Rde8
0-1

[Event "Muppets"]
[Site "SchemingMind.com"]
[Date "2022.09.16"]
[Round "-"]
[White "William Lindberg"]
[Black "Steven DuCharme"]
[Result "1-0"]
[WhiteCountry "USA"]
[BlackCountry "USA"]
[WhiteElo "2443"]
[WhiteRD "69"]
[BlackElo "1524"]
[BlackRD "67"]
[GameID "726789"]

1. d4 Nf6 2. Nf3 c6 3. Bf4 d6 4. Nc3 g6 5. e4 Bg7 6. Be2 O-O 7. O-O Bg4 8. Be3 Nbd7 9. h3 Bxf3 10. Bxf3 e5
11. d5 c5 12. g4 h6 13. Kg2 Kh7 14. Rh1 Rh8 15. h4 a6 16. g5 Ng8 17. Bg4 h5 18. Bxh5 gxh5 19. Qxh5+ Nh6 20. gxh6 Qf6
21. hxg7+ Kxg7 22. Qf5 Qxf5 23. exf5 Rag8 24. Kf3 f6 25. h5 Kf7 26. Ne4
1-0

[Event "Muppets"]
[Site "SchemingMind.com"]
[Date "2022.10.03"]
[Round "-"]
[White "Steven DuCharme"]
[Black "ray winteringham"]
[Result "1-0"]
[WhiteCountry "USA"]
[BlackCountry "ENG"]
[WhiteElo "1528"]
[WhiteRD "64"]
[BlackElo "1439"]
[BlackRD "51"]
[GameID "727127"]

1. c4 e5 2. a3 Bc5 3. b4 Bxf2+ 4. Kxf2 Qh4+ 5. g3 Qd4+ 6. e3 Qxa1 7. Nc3 d6 8. Qc2 Bf5 9. e4 Bg6 10. Bb2 Bxe4
11. Nxe4 Qa2 12. Nc3 Qxb2 13. Qxb2 Nf6 14. h3 Nc6 15. Bg2 Nd8 16. Nge2 O-O 17. Nd5 Nd7 18. Rf1 c6 19. Ne3 Ne6 20. d4 f6
21. d5 cxd5 22. Bxd5 Kf7 23. Nf5 Rab8 24. Bxe6+ Kxe6 25. Nxg7+ Ke7 26. Nf5+ Kd8 27. Nxd6 Ke7 28. Rd1 a6 29. Qc2 Rh8 30. Qf5 Rhf8
31. Nc8+ Kf7 32. Qxh7+ Ke6 33. Qxd7#
1-0

[Event "Muppets"]
[Site "SchemingMind.com"]
[Date "2022.10.03"]
[Round "-"]
[White "ray winteringham"]
[Black "Steven DuCharme"]
[Result "1-0"]
[WhiteCountry "ENG"]
[BlackCountry "USA"]
[WhiteElo "1423"]
[WhiteRD "51"]
[BlackElo "1524"]
[BlackRD "67"]
[GameID "727128"]

1. g3 d5 2. Bg2 Nf6 3. Nf3 b6 4. Nc3 Bb7 5. d4 g6 6. O-O Nbd7 7. Bg5 Bg7 8. Bxf6 Bxf6 9. Nd2 O-O 10. Nxd5 c6
11. Nb4 Bxd4 12. Bxc6 Bxc6 13. Nxc6 Qc7 14. Nxd4 e5 15. N4b3 a5 16. a4 Nc5 17. Nxc5 Qxc5 18. Ne4 Qc6 19. f3 f5 20. Nc3 Rad8
21. Qe1 Rd4 22. Nb5 Rc4 23. c3 Qc5+ 24. Kg2 g5 25. b3
1-0

[Event "Muppets"]
[Site "SchemingMind.com"]
[Date "2022.10.06"]
[Round "-"]
[White "ray winteringham"]
[Black "Robert Bruce"]
[Result "0-1"]
[WhiteCountry "ENG"]
[BlackCountry "SCO"]
[WhiteElo "1439"]
[WhiteRD "51"]
[BlackElo "2329"]
[BlackRD "73"]
[GameID "727129"]

1. g3 e5 2. e4 Nf6 3. Bg2 Bc5 4. Ne2 d6 5. O-O O-O 6. d3 a5 7. Bd2 Re8 8. c4 Bd7 9. Nbc3 h6 10. Kh1 c6
11. a3 b5 12. b3 bxc4 13. dxc4 Na6 14. f3 Ba7 15. b4 axb4 16. axb4 Nxb4 17. f4 Be6 18. Ra4 Nd3 19. Qa1 Nf2+ 20. Rxf2 Bxf2
21. h3 Bxc4 22. Bf1 Bd3 23. Kg2 Bb6 24. Nc1 Bxf1+ 25. Kxf1 Rxa4 26. Qxa4 exf4 27. Bxf4 Qd7 28. Kg2 d5 29. e5 g5 30. exf6 d4
31. Nd1 Qd5+ 32. Kh2 gxf4 33. Nf2 fxg3+ 34. Kg1 Re1#
0-1

[Event "Muppets"]
[Site "SchemingMind.com"]
[Date "2022.10.07"]
[Round "-"]
[White "Robert Bruce"]
[Black "ray winteringham"]
[Result "1-0"]
[WhiteCountry "SCO"]
[BlackCountry "ENG"]
[WhiteElo "2329"]
[WhiteRD "73"]
[BlackElo "1439"]
[BlackRD "51"]
[GameID "727130"]

1. d4 d5 2. Nf3 Bg4 3. Ne5 Nf6 4. Nxg4 e6 5. e3 Bb4+ 6. c3 Be7 7. Nxf6+ Bxf6 8. g3 Nd7 9. Bg2 c6 10. e4 Qb6
11. Nd2 O-O-O 12. e5 Bg5 13. O-O Kb8 14. Re1 Rhg8 15. a4 Rdf8 16. a5 Qc7 17. a6 b6 18. Nf3 Be7 19. h4 h6 20. Nh2 c5
21. c4 cxd4 22. cxd5 Nxe5 23. Nf3 Bd6 24. Nxe5 Bxe5 25. Qf3 Kc8 26. Bf4 Bxf4 27. gxf4 Qd7 28. dxe6 Qd6 29. Qa8+ Qb8 30. Rac1+
1-0

[Event "Muppets"]
[Site "SchemingMind.com"]
[Date "2022.10.03"]
[Round "-"]
[White "ray winteringham"]
[Black "William Lindberg"]
[Result "0-1"]
[WhiteCountry "ENG"]
[BlackCountry "USA"]
[WhiteElo "1423"]
[WhiteRD "51"]
[BlackElo "2443"]
[BlackRD "69"]
[GameID "727131"]

1. g3 d5 2. d4 Nf6 3. Bg2 Bf5 4. Bd2 c5 5. dxc5 Nc6 6. c3 e5 7. b4 a5 8. b5 Na7 9. Qa4 Bxc5 10. b6+ Bd7
11. Qxa5 Nb5 12. Qxa8 Qxa8 13. e3 Ba3 14. Nxa3 Nxa3 15. Rc1 Nc4 16. Ne2 Qxa2 17. Rd1 Nb2 18. O-O Nxd1 19. Rxd1 Qc2 20. f3 Qxd1+
0-1

[Event "Muppets"]
[Site "SchemingMind.com"]
[Date "2022.10.03"]
[Round "-"]
[White "William Lindberg"]
[Black "ray winteringham"]
[Result "1-0"]
[WhiteCountry "USA"]
[BlackCountry "ENG"]
[WhiteElo "2443"]
[WhiteRD "69"]
[BlackElo "1423"]
[BlackRD "51"]
[GameID "727132"]

1. e4 d5 2. exd5 Qxd5 3. Nc3 Qd8 4. Nf3 e6 5. d4 Bd6 6. Bd3 Ne7 7. O-O b6 8. Ng5 g6 9. Qf3 O-O 10. Qxa8 Nbc6
11. Nge4 f5 12. Nxd6 cxd6 13. d5 Ne5 14. Ba6 Bxa6 15. Qxd8 Rxd8 16. Rd1 Bb7 17. dxe6 g5 18. Bxg5 Re8 19. Nb5 N7c6 20. Nxd6 Ba6
21. Nxe8 Nc4 22. Rd7 N4e5 23. Nf6+ Kh8 24. Rxh7#
1-0

[Event "Muppets"]
[Site "SchemingMind.com"]
[Date "2022.10.05"]
[Round "-"]
[White "Steven DuCharme"]
[Black "Uzi Mike"]
[Result "1-0"]
[WhiteCountry "USA"]
[BlackCountry "USA"]
[WhiteElo "1520"]
[WhiteRD "65"]
[BlackElo "2086"]
[BlackRD "98"]
[GameID "727176"]

1. Nf3 Nf6 2. c4 c5 3. g3 Nc6 4. Nc3 e5 5. Bg2 Be7 6. d3 h6 7. O-O d6 8. h3 O-O 9. b3 a6 10. Bb2 Rb8
11. a3 Be6 12. e4 b5 13. Rc1 bxc4 14. dxc4 Na5 15. Nd2 Nxb3 16. Nxb3
1-0

[Event "Muppets"]
[Site "SchemingMind.com"]
[Date "2022.10.04"]
[Round "-"]
[White "Uzi Mike"]
[Black "Steven DuCharme"]
[Result "1-0"]
[WhiteCountry "USA"]
[BlackCountry "USA"]
[WhiteElo "2086"]
[WhiteRD "98"]
[BlackElo "1520"]
[BlackRD "65"]
[GameID "727177"]

1. e4 d6 2. d4 Nf6 3. Nc3 g6 4. Nf3 Bg7 5. Be2 O-O 6. O-O b6 7. Re1 Bb7 8. e5 dxe5 9. Nxe5 Nbd7 10. Bf3 Bxf3
11. Qxf3 Nxe5 12. dxe5 Ne8 13. Rd1 Qc8 14. Nd5
1-0

[Event "Muppets"]
[Site "SchemingMind.com"]
[Date "2022.10.03"]
[Round "-"]
[White "Uzi Mike"]
[Black "ray winteringham"]
[Result "1-0"]
[WhiteCountry "USA"]
[BlackCountry "ENG"]
[WhiteElo "2086"]
[WhiteRD "98"]
[BlackElo "1406"]
[BlackRD "50"]
[GameID "727178"]

1. Nf3 d5 2. d4 e6 3. c4 dxc4 4. e3 b5 5. a4 c6 6. axb5 cxb5 7. b3 Bb4+ 8. Bd2 Bxd2+ 9. Nbxd2 c3 10. Bxb5+ Bd7
11. Bxd7+ Nxd7 12. Nc4 Ngf6 13. Nd6+ Ke7 14. Nc4 Ne4 15. Qd3 f5 16. O-O Ndc5 17. Qc2 Qb8 18. dxc5
1-0

[Event "Muppets"]
[Site "SchemingMind.com"]
[Date "2022.10.03"]
[Round "-"]
[White "ray winteringham"]
[Black "Uzi Mike"]
[Result "0-1"]
[WhiteCountry "ENG"]
[BlackCountry "USA"]
[WhiteElo "1406"]
[WhiteRD "50"]
[BlackElo "2086"]
[BlackRD "98"]
[GameID "727179"]

1. g3 c5 2. Bg2 Nc6 3. Nf3 e5 4. c3 Nf6 5. d3 d5 6. Bg5 Be7 7. O-O O-O 8. Nbd2 h6 9. Bxf6 Bxf6 10. h4 Be6
11. a3 Rc8 12. Nh2 b5 13. b4 e4 14. Qc2 cxb4 15. axb4 Nxb4 16. Qb3 Bxc3 17. Rad1 a5 18. Nb1 d4
0-1

[Event "Muppets"]
[Site "SchemingMind.com"]
[Date "2022.10.06"]
[Round "-"]
[White "Uzi Mike"]
[Black "Robert Bruce"]
[Result "1/2-1/2"]
[WhiteCountry "USA"]
[BlackCountry "SCO"]
[WhiteElo "2089"]
[WhiteRD "86"]
[BlackElo "2300"]
[BlackRD "67"]
[GameID "727180"]

1. d4 d5 2. Nf3 Nf6 3. c4 e6 4. Nc3 Be7 5. Bg5 O-O 6. e3 h6 7. Bxf6 Bxf6 8. Rc1 a6 9. Qc2 c6 10. Bd3 Nd7
11. O-O dxc4 12. Bxc4 c5 13. dxc5 Nxc5 14. Rfd1 Qe7 15. a3 Bd7 16. b4 Bxc3 17. Qxc3 Na4 18. Qe5 Rfc8 19. h3 Nb6 20. Bb3 Bb5
21. Qd4 Nd7 22. Ne5 Nxe5 23. Qxe5 Rxc1 24. Rxc1 Bc6 25. Bc2 Qg5 26. Qxg5 hxg5 27. Bd3 Kf8 28. Rc5 f6 29. f4 Rd8 30. Bxa6 Rd1+
31. Bf1 gxf4 32. exf4 Ra1 33. b5 Bd7 34. Kf2 Ra2+ 35. Kg1 Ra1 36. a4 Rxa4 37. Rc7 Ke8 38. Rxb7 Rxf4 39. b6 Rb4 40. Ba6 Bc6
41. Rxg7 Rxb6 42. Bc4 Kf8 43. Rc7 Bb5 44. Ba2 Ke8 45. h4 Be2 46. Ra7 Bg4 47. Kf2 Bh5 48. Kg3 Kf8 49. Bc4 e5 50. Rh7 Bg6
51. Ra7=
1/2-1/2

[Event "Muppets"]
[Site "SchemingMind.com"]
[Date "2022.10.08"]
[Round "-"]
[White "Robert Bruce"]
[Black "Uzi Mike"]
[Result "1/2-1/2"]
[WhiteCountry "SCO"]
[BlackCountry "USA"]
[WhiteElo "2300"]
[WhiteRD "67"]
[BlackElo "2089"]
[BlackRD "86"]
[GameID "727181"]

1. f4 d5 2. Nf3 Nf6 3. e3 e6 4. b3 c5 5. Bb2 a6 6. Be2 Be7 7. O-O O-O 8. c4 Nc6 9. Ne5 Qc7 10. Nxc6 Qxc6
11. a4 Rd8 12. Qe1 Bd7 13. Be5 Qc8 14. Qh4 Bc6 15. Rf3 Rd7 16. Rh3 dxc4 17. g4 Be4 18. g5 Ne8 19. bxc4 Bd6 20. Nc3 Bf5
21. Bg4 Bg6 22. Bh5 Bf5 23. Bg4 Bg6= 24. Rf1 Qd8 25. Nd5 Bxe5 26. fxe5 exd5 27. e6 Rc7 28. Bh5 h6 29. Rg3 hxg5 30. Rxg5 Bxh5
31. Qxh5 fxe6 32. cxd5 exd5 33. Rf4 Nf6 34. Qg6 Rf7 35. Rg3 Qb6 36. h4 Kf8 37. Rg5 Qe6 38. h5 c4 39. Rgf5 c3 40. dxc3 Qxe3+
41. Kg2 Qe2+ 42. Kg1 Rc8 43. h6 Rxc3 44. hxg7+ Kg8 45. Qxf7+ Kxf7 46. Rxf6+ Kxg7 47. Rf7+ Kg6=
1/2-1/2

[Event "Muppets"]
[Site "SchemingMind.com"]
[Date "2022.10.04"]
[Round "-"]
[White "Uzi Mike"]
[Black "William Lindberg"]
[Result "1/2-1/2"]
[WhiteCountry "USA"]
[BlackCountry "USA"]
[WhiteElo "2093"]
[WhiteRD "98"]
[BlackElo "2373"]
[BlackRD "65"]
[GameID "727182"]

1. d4 Nf6 2. c4 e6 3. Nf3 h6 4. Nc3 Bb4 5. Bd2 b6 6. e3 O-O 7. Bd3 Bb7 8. a3 Bxc3 9. Bxc3 d5 10. O-O dxc4
11. Bxc4 Nbd7 12. b4 a5 13. bxa5 bxa5 14. a4 Nd5 15. Bb2 Rc8 16. Qe2 c5 17. Rfd1 Nb4 18. dxc5 Qe7 19. Rac1 Rfd8 20. Bd4 e5
21. Bb2 Rxc5 22. Bb5 e4 23. Nd4 Rxc1 24. Rxc1 Ne5 25. Nf5 Qe6 26. Bxe5 Qxe5 27. Nd4 Kh7 28. h3 g6 29. Qb2 Qd6 30. Be2 Qe7
31. Qd2 Qe5 32. Qb2 h5 33. Bf1 Rd7 34. Rc4 Bd5 35. Rc5 Nd3 36. Bxd3 exd3 37. Qd2 Qe4 38. f3 Qe7 39. Rxa5 Qa3 40. Rb5 Bc4
41. Rb4 Qa1+ 42. Kh2 Rc7 43. Rb8 Qa3 44. Rb4 Rc8 45. Kg3=
1/2-1/2

[Event "Muppets"]
[Site "SchemingMind.com"]
[Date "2022.10.03"]
[Round "-"]
[White "William Lindberg"]
[Black "Uzi Mike"]
[Result "1/2-1/2"]
[WhiteCountry "USA"]
[BlackCountry "USA"]
[WhiteElo "2398"]
[WhiteRD "65"]
[BlackElo "2108"]
[BlackRD "106"]
[GameID "727183"]

1. c4 e5 2. Nc3 Bb4 3. e3 Nf6 4. Nge2 O-O 5. a3 Bxc3 6. Nxc3 d5 7. cxd5 Nxd5 8. Be2 c5 9. Qc2 Nc6 10. O-O Be6
11. Ne4 Rc8 12. Nxc5 Nf4 13. Bd1 Nh3+ 14. Kh1 Na5 15. b4 Rxc5 16. bxc5 Bc4 17. Qf5 Bxf1 18. Qxh3 Qd5 19. Bb2 Qxd2 20. Bxe5 Nc6
21. Qg3 Nxe5 22. Qxe5 Bb5 23. Bf3 Qxf2 24. Bxb7 Re8 25. Qg3 Qb2 26. Rg1 Bc4 27. Bf3 h6 28. Qf4 Qc3 29. c6 Rxe3 30. h4 Be6
31. Rd1 Re1+ 32. Rxe1 Qxe1+ 33. Kh2 g6 34. c7 Qc3 35. Qd6 Kg7 36. Be2 Bc8 37. h5 g5 38. a4 Qb2 39. Bb5 Bb7 40. Bc6 Bxc6
41. Qxc6 Qe5+=
1/2-1/2

[Event "Muppets"]
[Site "SchemingMind.com"]
[Date "2022.10.08"]
[Round "-"]
[White "Steven DuCharme"]
[Black "The Stonewall"]
[Result "0-1"]
[WhiteCountry "USA"]
[BlackCountry "ENG"]
[WhiteElo "1520"]
[WhiteRD "65"]
[BlackElo "2305"]
[BlackRD "68"]
[GameID "727186"]

1. d4 d6 2. c4 Nf6 3. g3 g6 4. Bg2 Bg7 5. Nf3 O-O 6. O-O c5 7. e3 Nc6 8. Nc3 Bg4 9. d5 Ne5 10. h3 Nxf3+
11. Bxf3 Bxh3 12. Re1 h5 13. e4 Ng4 14. Bxg4 Bxg4 15. f3 Bd7 16. Be3 a6 17. a4 f5 18. Qc2 Rf7 19. a5 fxe4 20. fxe4 Rf3
21. Kg2 Bg4 22. Bg1 Qf8 23. Re3 Rxe3 24. Bxe3 Qf3+ 25. Kh2 Qxe3
0-1

[Event "Muppets"]
[Site "SchemingMind.com"]
[Date "2022.10.08"]
[Round "-"]
[White "The Stonewall"]
[Black "Steven DuCharme"]
[Result "1-0"]
[WhiteCountry "ENG"]
[BlackCountry "USA"]
[WhiteElo "2317"]
[WhiteRD "68"]
[BlackElo "1528"]
[BlackRD "64"]
[GameID "727187"]

1. d4 Nf6 2. Nc3 d5 3. Bf4 a6 4. e3 h6 5. Nf3 g6 6. Bd3 Nh5 7. Be5 Bg7 8. Bxg7 Nxg7 9. e4 dxe4 10. Nxe4 Nc6
11. c3 O-O 12. O-O Bg4 13. h3 Bxf3 14. Qxf3 f5 15. Nc5 Qc8 16. Bxa6 bxa6 17. Qxc6 Rf6 18. Qd5+ Kh7 19. Rfe1 c6 20. Qc4 g5
21. Rxe7 Kg6 22. Nd7
1-0

[Event "Muppets"]
[Site "SchemingMind.com"]
[Date "2022.10.08"]
[Round "-"]
[White "The Stonewall"]
[Black "Uzi Mike"]
[Result "1/2-1/2"]
[WhiteCountry "ENG"]
[BlackCountry "USA"]
[WhiteElo "2275"]
[WhiteRD "72"]
[BlackElo "2093"]
[BlackRD "98"]
[GameID "727188"]

1. Nf3 Nf6 2. c4 c5 3. Nc3 Nc6 4. d4 cxd4 5. Nxd4 e6 6. a3 d5 7. cxd5 Nxd5 8. Nxc6 bxc6 9. Bd2 Bc5 10. e3 Bd6
11. Bd3 Qb6 12. Na4 Qc7 13. Qc2 Nf6 14. Nc5 O-O 15. Rd1 h6 16. Ne4 Nxe4 17. Bxe4 Ba6 18. Rc1 Rac8 19. Qxc6 Qxc6 20. Rxc6 Rxc6
21. Bxc6 Rc8 22. Be4 Be5 23. b3 f5 24. Bb1 Bb2 25. a4 Ba3 26. Kd1 Rd8 27. Kc2 Rc8+=
1/2-1/2

[Event "Muppets"]
[Site "SchemingMind.com"]
[Date "2022.10.06"]
[Round "-"]
[White "Uzi Mike"]
[Black "The Stonewall"]
[Result "0-1"]
[WhiteCountry "USA"]
[BlackCountry "ENG"]
[WhiteElo "2003"]
[WhiteRD "85"]
[BlackElo "2295"]
[BlackRD "75"]
[GameID "727189"]

1. Nf3 Nf6 2. c4 g6 3. d4 Bg7 4. Nc3 O-O 5. e4 d6 6. Be2 Nbd7 7. Be3 e5 8. d5 Ng4 9. Bg5 f6 10. Bh4 Nh6
11. Nd2 g5 12. Bg3 f5 13. exf5 Nf6 14. Nde4 Nxe4 15. Nxe4 Bxf5 16. Bd3 c6 17. O-O Qe7 18. Nc3 c5 19. f3 Rae8 20. Be4 Bd7
21. Qd3 Nf5 22. Rab1 b6 23. Bf2 h5 24. Nb5 Bc8 25. b4 g4 26. fxg4 hxg4 27. bxc5 bxc5 28. Be1 Nd4 29. Bd2 Rxf1+
0-1

[Event "Muppets"]
[Site "SchemingMind.com"]
[Date "2022.10.06"]
[Round "-"]
[White "The Stonewall"]
[Black "ray winteringham"]
[Result "1-0"]
[WhiteCountry "ENG"]
[BlackCountry "ENG"]
[WhiteElo "2319"]
[WhiteRD "75"]
[BlackElo "1423"]
[BlackRD "51"]
[GameID "727190"]

1. d4 d5 2. Nc3 e6 3. Bf4 Bd6 4. e3 Nf6 5. Bd3 Bxf4 6. exf4 a6 7. Nf3 Bd7 8. O-O Nc6 9. a3 Ne7 10. Ne5 c6
11. Qf3 Qc7 12. g4 h6 13. g5 hxg5 14. fxg5 b5 15. gxf6 gxf6 16. Qxf6 Rf8 17. Kh1 Ng8 18. Qg7 Ke7 19. Ng6+
1-0

[Event "Muppets"]
[Site "SchemingMind.com"]
[Date "2022.10.03"]
[Round "-"]
[White "ray winteringham"]
[Black "The Stonewall"]
[Result "0-1"]
[WhiteCountry "ENG"]
[BlackCountry "ENG"]
[WhiteElo "1439"]
[WhiteRD "51"]
[BlackElo "2317"]
[BlackRD "68"]
[GameID "727191"]

1. g3 Nf6 2. e4 Nxe4 3. Bg2 Nf6 4. d3 g6 5. Ne2 Bg7 6. O-O O-O 7. c3 d6 8. Be3 c6 9. Nd2 Bf5 10. Nf3 e5
11. Qd2 Ng4 12. h3 Nxe3 13. Qxe3 Na6 14. Qd2 Qd7 15. g4 Be6 16. Ng3 Rad8 17. Rfe1 Nc7 18. Red1 Nd5 19. Kh2 Nf4 20. Ne2 Nxg2
21. Kxg2 h5 22. Nh2 hxg4 23. h4 f5 24. Qg5 f4 25. f3 g3 26. Nf1 Bh3+ 27. Kg1 Rf5 28. Qxg6 Rdf8 29. Re1 R8f6 30. Nxf4 Rxg6
31. Nxg6 Rxf3 32. h5 Bxf1 33. Rxf1 Qh3 34. Ne7+ Kh7 35. Rxf3 Qh2+ 36. Kf1 g2+
0-1

[Event "Muppets"]
[Site "SchemingMind.com"]
[Date "2022.10.08"]
[Round "-"]
[White "The Stonewall"]
[Black "Robert Bruce"]
[Result "1/2-1/2"]
[WhiteCountry "ENG"]
[BlackCountry "SCO"]
[WhiteElo "2311"]
[WhiteRD "70"]
[BlackElo "2372"]
[BlackRD "70"]
[GameID "727192"]

1. e4 e5 2. Nf3 d5 3. exd5 Bd6 4. d4 e4 5. Nfd2 f5 6. Nc4 Be7 7. Ne5 Nf6 8. c4 c5 9. Nc3 O-O 10. Be3 Na6
11. Be2 Re8 12. dxc5 Bxc5 13. Bxc5 Nxc5 14. Qd4 Ne6 15. Qd2 Nc5 16. b4 Na6 17. f4 exf3 18. Nxf3 Nxb4 19. O-O Qb6+ 20. Kh1 Qe3
21. Bd1 Qxd2 22. Nxd2 Re3 23. Nb5 b6 24. a4 Bd7 25. Nd6 a5 26. Nxf5 Bxf5 27. Rxf5 Ne4 28. Rf3 Re1+ 29. Rf1 Rxf1+ 30. Nxf1 Rc8
31. Ne3 g6 32. Bf3 Nc5 33. h3 Kg7 34. Kh2 Re8 35. Ra3 h5 36. Kg3 Kf6 37. Nf1 Nc2 38. Ra2 Nd4 39. Ra3 Re1 40. Nd2 Rc1
41. Kf2 Rc2 42. Ke1 Rc1+ 43. Kf2 Rc2 44. Ke1 Rc1+ 45. Kf2 Rc2 46. Ke1=
1/2-1/2

[Event "Muppets"]
[Site "SchemingMind.com"]
[Date "2022.10.08"]
[Round "-"]
[White "Robert Bruce"]
[Black "The Stonewall"]
[Result "1/2-1/2"]
[WhiteCountry "SCO"]
[BlackCountry "ENG"]
[WhiteElo "2289"]
[WhiteRD "70"]
[BlackElo "2295"]
[BlackRD "75"]
[GameID "727193"]

1. c4 Nf6 2. d4 g6 3. g3 Bg7 4. Bg2 O-O 5. Nc3 d6 6. Nf3 c5 7. d5 e6 8. O-O Re8 9. dxe6 Bxe6 10. Ng5 Bxc4
11. Bxb7 Nbd7 12. Bxa8 Qxa8 13. Qxd6 h6 14. Nh3 g5 15. Bxg5 Be6 16. Nf4 hxg5 17. Nxe6 Rxe6 18. Qd2 Re5 19. Rad1 Nf8 20. Qd8 Qb7
21. b3 g4 22. Rd3 Re8 23. Qd6 Ne6 24. Qe5 Qc6 25. Re3 Nd4 26. Qg5 Ne6 27. Qf5 Rd8 28. Rc1 Nd4 29. Qg5 Rd6 30. Re7 Ne6
31. Qf5 Qa8 32. e3 a6 33. Ne4 Qxe4 34. Re8+ Bf8 35. Qxf6 Rd5 36. Rf1 Rd2 37. a4 Rc2 38. Qd8 Kg7 39. Qa8 Qf5 40. Qc8 Qd5
41. a5 Qxb3 42. Qxa6 Nc7 43. Qc8 Nxe8 44. Qxe8 Qd5 45. Qa4 Rc4 46. Qa2 Qe4 47. a6 Ra4 48. Qb2+ f6 49. Ra1 Qb4 50. Qc1 Qa5
51. Rxa4 Qxa4 52. Qf1 c4 53. a7 c3 54. Qd3 Bb4 55. Qd4 c2 56. Qxg4+ Kh6 57. Qf4+ Kg7 58. Qc7+ Kg6 59. Kg2 Bd6 60. Qb7=
1/2-1/2

[Event "Muppets"]
[Site "SchemingMind.com"]
[Date "2022.10.08"]
[Round "-"]
[White "The Stonewall"]
[Black "William Lindberg"]
[Result "0-1"]
[WhiteCountry "ENG"]
[BlackCountry "USA"]
[WhiteElo "2275"]
[WhiteRD "72"]
[BlackElo "2373"]
[BlackRD "65"]
[GameID "727194"]

1. e4 e5 2. Nf3 Nc6 3. Bc4 Nf6 4. d3 Bc5 5. c3 a6 6. O-O d6 7. Bb3 O-O 8. Nbd2 b5 9. h3 Bb6 10. Re1 Na5
11. Bc2 c5 12. Nf1 h6 13. Ng3 Be6 14. Nh4 Kh7 15. Nhf5 Nc6 16. Qf3 Rb8 17. Qe3 Rh8 18. Bd2 a5 19. Qf3 Rg8 20. Nh5 Nxh5
21. Qxh5 Qf8 22. a3 a4 23. Rac1 Bd8 24. Be3 Bb6 25. Kh2 Rh8 26. Qf3 Qd8 27. Rg1 Qd7 28. Qh5 Kg8 29. Qf3 Rd8 30. Rgd1 h5
31. Nh4 d5 32. exd5 Bxd5 33. Qg3 Bc7 34. f3 f6 35. Ng6 h4 36. Qf2 Rh5 37. Bxc5 Bf7 38. Nxh4 g5 39. Nf5 Qxf5 40. g4 Qf4+
41. Kg2 e4 42. gxh5 exf3+ 43. Kg1 Qf5 44. Bb6 Bxb6 45. d4 Qxh3
0-1

[Event "Muppets"]
[Site "SchemingMind.com"]
[Date "2022.10.05"]
[Round "-"]
[White "William Lindberg"]
[Black "The Stonewall"]
[Result "1-0"]
[WhiteCountry "USA"]
[BlackCountry "ENG"]
[WhiteElo "2467"]
[WhiteRD "71"]
[BlackElo "2305"]
[BlackRD "68"]
[GameID "727195"]

1. e4 e6 2. d4 d5 3. Nc3 dxe4 4. Nxe4 Nd7 5. c3 Ngf6 6. Nxf6+ Nxf6 7. Nf3 c5 8. Be3 Qc7 9. Ne5 a6 10. Qa4+ Nd7
11. Bb5 cxd4 12. Bxd7+ Bxd7 13. Qxd4 Bc8 14. O-O-O Be7 15. Bf4 Qc5 16. Qe4 O-O 17. Rd2 Qb5 18. Rhd1 g5 19. Rd3 f5 20. Qe3 gxf4
21. Qxf4 h6 22. a4 Qc5 23. Rg3+ Kh7 24. Rh3 Rf6 25. Rd7 Bxd7 26. Nxd7 Rg6 27. Rxh6+ Rxh6 28. Nxc5 Bxc5 29. Qc7+ Kg6 30. Qxc5 Rxh2
31. Qe7 Rxg2 32. Qxb7 Rg1+ 33. Kc2 Rh8 34. Qxa6 Re1 35. a5 Kf6 36. Qb6 Re2+ 37. Kd3 Re4 38. a6 Ra4 39. b4 Ra3 40. Qd4+ e5
41. Qd6+
1-0